[Event "Nassau-ch"]
[Site "Nassau"]
[Date "2009.11.16"]
[Round "5"]
[White "Kaplan, Ivan"]
[Black "Chun, Matthew"]
[Result "1-0"]
[WhiteElo "1766"]
[BlackElo "1384"]
[PlyCount "51"]
[EventDate "2009.10.19"]
[EventType "swiss"]
[EventRounds "10"]
[EventCountry "USA"]
[SourceTitle "EXT 2011"]
[Source "ChessBase"]
[SourceDate "2010.11.26"]
[SourceVersion "1"]
[SourceVersionDate "2010.11.26"]
[SourceQuality "1"]

1. d4 d5 2. c4 dxc4 3. Nc3 Nf6 4. e3 e6 5. Bxc4 Bb4 6. Bd2 0-0 7. a3 Bxc3 8. Bxc3 b6 9. Rc1 Bb7 10. f3 Nbd7 11. Ne2 c5 12. 0-0 Rc8 13. dxc5 Nxc5 14. Ba2 Qe7 15. Qc2 Rfd8 16. Rfd1 Nd5 17. Bxd5 Bxd5 18. b4 Bb3 19. Rxd8+ Rxd8 20. Qb1 Nd3 21. Qxb3 Nxc1 22. Nxc1 Qd6 23. Ne2 Qd3 24. Kf2 Rd5 25. Qb2 f6 26. Nf4 1-0